000 00500nam a2200205Ia 4500
005 20241216010011.0
008 180423s9999||||xx |||||||||||||| ||und||
082 _a330.15
_bA16
100 _aACADEMIA DE CIENCIAS DE LA RUSIA
245 0 _aMANUAL DE ECONOMIA POLITICA
250 _a0
260 _aMOSCU-RUSIA
_bCARTAGO
_c196
300 _a710 pag.
_c21 cm
341 _h0
490 _v0
_a0
541 _aC
_d14-Oct-93
650 _aCIENCIAS SOCIALES
856 _zHumanidades
942 _cLIBRO
999 _c2878
_d2878